Predigt über Röm. 8, 35 3/7 - 3/9 gehalten in Königlichen Schlosse zu Ofen

Bibliographic Details
Main Author: Brunn, F. A. (Author)
Corporate Author: Hartleben, Konrad Adolf (Budapešť, Maďarsko) (Printer)
Format: Book
Language:German
PhysicalDescription:16 s. 19 cm
Published: Pesth Bei Konrad Adolf Hertlehen 1817
Subjects:

MARC

LEADER 00000nam a2200000 4500
001 vtls010686726
003 SK-MaSNL
005 20260301220238.0
008 251112s1817 hu 0 0n0 ger
015 |a SNBHFA1817 
020 |q (viaz.) 
035 |a 5816399A-F9AE-4871-AD73-2F1A854AA4B6 
035 |a urn:nbn:sk:snk-amlt1p 
035 |a urn:nbn:sk:snk-am00cagq 
040 |a SNK  |b slo  |c SNK  |e AACR2 
041 0 |a ger 
044 |a xo  |c SK 
072 7 |a 25  |x Pastorálna teológia  |2 konspekt 
080 |a 2-46  |2 2001 
080 |a 27-46  |2 2001 
080 |a 2-476.5  |2 2001 
100 1 |a Brunn, F. A.  |4 aut  |9 607140 
240 1 0 |a Seremones Pastorales Potissimum Inaugurales & vatedictorii, per Aug. Confes. praecones in suis Oratoriis habiti ab Anno 1795 ad 1833  |l Nemecký jazyk 
245 1 0 |a Predigt über Röm. 8, 35 3/7 - 3/9 gehalten in Königlichen Schlosse zu Ofen  |c von F. A. Brunn 
260 |a Pesth  |b Bei Konrad Adolf Hertlehen  |c 1817 
300 |a 16 s.  |c 19 cm 
501 |a Prív. 11. k : HAMALIAR, Martin. Die Verbindlichkeit eines Christen. Schemnitz : gedruckt mit Sulzerischen Schriften, 1795.  |5 SNK ID 99091 
546 |a Nemčina  |b Fraktúra 
561 |a Okrúhla pečiatka: Rimely Károly Lekéri Apát.  |5 SNK ID 99091 
562 |a Dielo spolu s ďalšími príväzkami v exemplári uvádzané v úvode knihy pod spoločným názvom v rukopisnej forme: Seremones Pastorales Potissimum Inaugurales & vatedictorii, per Aug. Confes. praecones in suis Oratoriis habiti ab Anno 1795 ad 1833; za názvom rukopisný zoznam diel v zväzku.  |5 SNK ID 99091 
650 0 7 |a kázne  |2 SNKPH  |9 1954 
650 0 7 |a pastorálna teológia  |2 SNKPH  |9 1811 
650 0 7 |a prejavy  |2 SNKPH  |9 30062 
700 |a Rimely, Karol,  |d 1825-1904  |4 fmo  |9 177562 
710 0 |a Hartleben, Konrad Adolf (Budapešť, Maďarsko),  |d 1800-1863  |4 prt  |9 181079 
752 |a Maďarsko  |d Budapešť 
852 |a snk  |b Historické fondy  |p ID 99091 
958 |a ONDV 
999 |c 931084  |d 933014 
952 |t RI 155  |a SNK  |b SNK  |c SNK_HF  |y PREZ  |7 0  |p 17A1127860  |o snkID 99091/prív.11  |i snk2015/18438  |8 5  |z RI 155  |0 0  |1 0  |4 0  |d 2015-06-17  |f 1  |l 0  |r 2026-02-24 08:48:02  |w 2026-02-24